Zbierka úloh z fyziky pre gymnáziá. 1. časť /

Uloženo v:
Podrobná bibliografie
Hlavní autor: Tomanová, Eva
Médium: Kniha
Jazyk:slovenština
Vydáno: Bratislava : Slovenské pedagogické nakladateľstvo, 2004
Vydání:4. uprav. a preprac. vyd.
Témata:
ISBN:8010005304
On-line přístup: Získat plný text
Tagy: Přidat tag
Žádné tagy, Buďte první, kdo vytvoří štítek k tomuto záznamu!

MARC

LEADER 00000nam a2200000 4500
003 SK-BrCVT
005 20220617214546.0
008 041103s2004 xo e ||||||slo d
020 |a 8010005304 
035 |a CVTIDW0974448 
040 |b slo  |a CVTI SR 
041 0 |a slo 
044 |a xo 
080 |a 53  |2 UDC-MRF 
100 1 |a Tomanová, Eva 
245 1 0 |a Zbierka úloh z fyziky pre gymnáziá. 1. časť /  |c Autori: Eva Tomanová a kol. 
250 |a 4. uprav. a preprac. vyd. 
260 |a Bratislava :  |b Slovenské pedagogické nakladateľstvo,  |c 2004 
300 |a 229 s. :  |b fotogr., grafy, obr., tab. ; 
653 1 |a mechanika  |a termodynamika  |a elektrický prúd 
910 |b A591855 
919 |a 80-10-00530-4 
974 |f Knihy 
992 |a AUS 
999 |c 139785  |d 139785